| 000 | 01547cam a2200361 i 4500 | ||
|---|---|---|---|
| 003 | SA-RiAUC | ||
| 005 | 20241130080522.0 | ||
| 008 | 241130s2011____ku g b f000 0 ara c | ||
| 020 | _a9789996650123 | ||
| 040 |
_aSA-MaHRM _bara _cSA-RiAUC _dKW-KwMAI _erda |
||
| 082 | 0 | 4 |
_a220 _qSA-RiAUC |
| 090 |
_a220 _bج ع ف |
||
| 100 | 1 |
_aجعفر، عبد الغفور محمود مصطفى _eمؤلف. |
|
| 245 | 1 | 0 |
_aمسائل في علوم القرآن / _cتأليف عبد الغفور محمود مصطفى جعفر ؛ إعداد محمد عبد الغفور جعفر. |
| 250 | _aالطبعة الأولى. | ||
| 264 | 1 |
_aالكويت : _bوزارة الأوقاف والشؤون الإسلامية، قطاع الشؤون الثقافية، إدارة الثقافة الإسلامية، _c2011 |
|
| 300 |
_a136 صفحة ؛ _c21 سم. |
||
| 336 |
_aنص _btxt _2rdacontent _3كتاب |
||
| 337 |
_aبدون وسيط _bn _2rdamedia |
||
| 338 |
_aمجلد _bnc _2rdacarrier |
||
| 490 | 1 |
_aروافد. _aمراجعات ؛ _v42 |
|
| 500 | _aالإخراج الفني : محمود محمد أبو الفضل. | ||
| 504 | _aيشتمل على إرجاعات ببليوجرافية. | ||
| 506 | 0 | _aيهدى ولا يباع. | |
| 520 | 0 | _aعلوم القرآن. | |
| 630 | 2 | 7 |
_aالقرآن _xعلوم _2aucut |
| 700 | 1 |
_aجعفر، محمد عبد الغفور _eمعد. |
|
| 730 | 2 | 2 | _aالقرآن |
| 830 | 0 |
_aروافد. _pمراجعات _v42 |
|
| 856 | 4 | _uBOOKS/158 | |
| 942 |
_2ddc _cBOOK _n0 |
||
| 949 |
_aSA-JeALM _d241130 _umohamedma123 _n1 |
||
| 999 |
_c2861 _d2861 |
||